Largest Cities In China - Statistics

General Stats
  • This quiz has been taken 439 times
  • The average score is 11 of 15
Answer Stats
Population Answer % Correct
18,827,000 Beijing
99%
22,315,426 Shanghai
98%
11,070,654 Guangzhou
93%
11,090,314 Tianjin
83%
7,055,071 Hong Kong
82%
7,123,697 Chengdu
80%
10,120,000 Wuhan
80%
15,294,255 Chongqing
79%
10,357,938 Shenzhen
75%
6,852,984 Nanjing
72%
4,517,549 Harbin
65%
5,695,313 Hangzhou
63%
5,743,718 Shenyang
60%
4,074,000 Suzhou
36%
8,220,937 Dongguan
29%
No matching quizzes found
Score Distribution
Percent of People with Each Score
Percentile by Number Answered
Your Score History
You have not taken this quiz